| 000 | 00588nam a2200193 i 4500 | ||
|---|---|---|---|
| 001 | 81610 | ||
| 003 | ES-MaACL | ||
| 005 | 20250728113737.0 | ||
| 007 | t| | ||
| 008 | 041105s1909 fr ||||1| fre d | ||
| 100 | 1 |
_aHubert, Henri. _964497 |
|
| 245 | 1 | 0 |
_aMélanges d'histoire des religions / _cpar Henri Hubert et M. Mauss. |
| 260 |
_aParis : _b[s.n., _c1909] ( _eEvreux : _fCh. Herissey et Fils) |
||
| 300 |
_aXLII, 236 p. ; _c23 cm. |
||
| 650 | 0 | 4 |
_aReligiones- _xHistoria _916823 |
| 700 | 1 |
_aMauss, Marcel. _979284 |
|
| 852 |
_aES-MaACL _jB-6604 |
||
| 999 |
_c81610 _d81610 |
||